Cerf - Culture générale - Statistiques

Statistiques générales
  • Ce quiz a été pris 155 fois
    52 depuis la dernière actualisation
  • Le résultat moyen est 8 sur 15
Statistiques - réponses
Question Réponse % Correct
Que porte le cerf sur la tête Bois
100%
Film disney mettant en scène un cerf Bambi
91%
Cri du cerf en rut Brame
88%
Petit du cerf Faon
88%
De quelle famille de mammifère le cerf fait partie avec l'élan et le renne Cervidé
71%
Comment appelle t on un groupe de cerf Harde
65%
Chasse traditionnelle pratiquée en France Chasse à courre
50%
Marque de tracteur ayant un cerf sur son logo John Deer
50%
Marque de liqueur allemande souvent melangé avec du redbull Jägermeister
47%
Nom de l'espèce de cerf présente en france Cerf élaphe
38%
Quel personnage de Harry Potter a pour patronus une biche Severus Rogue
38%
Ancien domaine royal et parc ou il est possible d'observer des cerfs Chambord
24%
Equipe de NBA réprésenté par un cerf Bucks
15%
Pays ou le cerf à été introduit et est devenu invasif Nouvelle-Zélande
15%
Parmi ses travaux Héraclès doit attraper le biche de ___ Cérynie
12%
Aucun quiz correspondant
Distribution des résultats
% des personnes avec chaque résultat
Percentile par nombre de réponses
Votre historique - résultats
Vous n’avez pas pris ce quiz depuis la dernière actualisation